اللغة العربية لغير الناطقين بها / (رقم التسجيلة. 9198)
[ عرض عادي ]
| 000 -الفاتح | |
|---|---|
| عناصر البيانات ثابتة الطول | 00794cam a2200205 i 4500 |
| 005 - تاريخ ووقت آخر معاملة | |
| حقل ضبط | 20260427120040.0 |
| 008 - عناصر البيانات ثابتة الطول | |
| عناصر البيانات ثابتة الطول | 250721s1983 iq gr 000 0 ara d |
| 082 14 - رقم تصنيف ديوي العشري | |
| رقم التصنيف | 418.24/ |
| رقم المادة | ل غ ه |
| 100 1# - مدخل رئيسي – اسم شخصي | |
| الاسم الشخصي | الهيتي، حميد مخلف |
| علاقة الشخص بالعمل/ دوره | مؤلف. |
| 245 12 - بيان العنوان | |
| العنوان | اللغة العربية لغير الناطقين بها / |
| بيان المسؤولية | تأليف حميد مخلف الهيتي [وثلاثة آخرون]. |
| 264 31 - بيانات النشر، التوزيع…إلخ | |
| مكان النشر، التوزيع...إلخ | بغداد : |
| اسم الناشر، الموزع...إلخ | الجامعة المستنصرية، |
| تاريخ النشر، التوزيع...إلخ | 1983. |
| 300 ## - الوصف المادي | |
| عدد الوحدات المكونة للوعاء | الجزء الثالث. |
| 650 17 - مدخل إضافي بالموضوع - مصطلح موضوعي | |
| مصطلح موضوعي أو اسم جغرافي كعنصر مدخل | اللغة العربية. |
| 650 17 - مدخل إضافي بالموضوع - مصطلح موضوعي | |
| مصطلح موضوعي أو اسم جغرافي كعنصر مدخل | التعلم. |
| 700 1# - مدخل إضافي - اسم شخصي | |
| الاسم الشخصي | الواسطي, سلمان داوود |
| علاقة الشخص بالعمل/ دوره | مؤلف. |
| 700 1# - مدخل إضافي - اسم شخصي | |
| الاسم الشخصي | الكشو، رضا |
| علاقة الشخص بالعمل/ دوره | مؤلف. |
| 700 1# - مدخل إضافي - اسم شخصي | |
| الاسم الشخصي | عبيد، راضية |
| علاقة الشخص بالعمل/ دوره | مؤلف. |
| 942 ## - بيانات إضافية (كوها) | |
| نوع التنصيف | Dewey Decimal Classification |
| نوع المادة (كوها) | كتب |
| حالة السحب | حالة الفقدان | مصدر التصنيف | حالة التلف | غير قابل للإعارة | المكتبة الرئيسية | المكتبة الحالية | موقع الرف | تاريخ التزويد | الرقم المتسلسل | Total Checkouts | رقم الإستدعاء | الباركود | تاريخ آخر ظهور | تاريخ الفاتورة | نوع المادة (كوها) | العملة |
|---|---|---|---|---|---|---|---|---|---|---|---|---|---|---|---|---|
| Dewey Decimal Classification | Damaged | المكتبة المركزية | المكتبة المركزية | الإعارة | 06/07/2004 | 97740 | 418.24/لغه | 97740 | 28/07/2025 | 06/07/2004 | كتب | |||||
| Dewey Decimal Classification | المكتبة المركزية | المكتبة المركزية | الإعارة | 06/07/2004 | 97741 | 418.24/لغه | 97741 | 28/07/2025 | 06/07/2004 | كتب | ||||||
| Dewey Decimal Classification | المكتبة المركزية | المكتبة المركزية | الإعارة | 06/07/2004 | 91845 | 418.24/لغه | 91845 | 28/07/2025 | 06/07/2004 | كتب | ||||||
| Dewey Decimal Classification | المكتبة المركزية | المكتبة المركزية | الإعارة | 06/07/2004 | 91844 | 418.24/لغه | 91844 | 28/07/2025 | 06/07/2004 | كتب | ||||||
| Dewey Decimal Classification | Damaged | المكتبة المركزية | المكتبة المركزية | الإعارة | 27/04/2026 | 91846 | 418.24 / ل غ ه | 91846 | 27/04/2026 | 27/04/2026 | كتب | JOD |